MCU Actors to Characters - Statistics

General Stats
  • This quiz has been taken 748 times
  • The average score is 12 of 18
Answer Stats
Hint Answer % Correct
Scarlet Johansson Black Widow/Natasha Romanoff
99%
Chris Evans Captain America/Steve Rogers
99%
Mark Ruffalo Hulk/ Bruce Banner
99%
Robert Downey Jr. Iron Man/Tony stark
99%
Jeremy Renner Hawkeye/ Clint Barton
98%
Chadwick Boseman Black Panther/ T'Challa
97%
Samuel L. Jackson Nick Fury
96%
Chris Pratt Star Lord/Peter Quill
96%
Elizabeth Olsen Scarlet Witch/Wanda Maximoff
94%
Anthony Mackie Falcon/Sam Wilson
90%
Bradley Cooper Rocket Raccoon
82%
Anthony Hopkins Odin
46%
Hugo Weaving Red Skull/Johann Schmidt
33%
Kat Dennings Darcy Lewis
22%
Jaime Alexander Sif
18%
William Hurt General ''Thunderbolt'' Ross
17%
Liv Tyler Betty Ross
15%
Sylvester Stallone Stakar Ogord
6%
No matching quizzes found
Score Distribution
Percent of People with Each Score
Percentile by Number Answered
Your Score History
You have not taken this quiz